[Event "Bad Soden U18 op 5th"]
[Site "Bad Soden"]
[Date "2018.10.01"]
[Round "5.9"]
[White "Buchholz, Jan"]
[Black "Reichel, Bjoern"]
[Result "0-1"]
[WhiteElo "994"]
[BlackElo "1484"]
[PlyCount "48"]
[EventDate "2018.09.30"]
[EventType "swiss"]
[EventRounds "9"]
[EventCountry "GER"]
[SourceTitle "EXT 2020"]
[Source "ChessBase"]
[SourceDate "2019.10.17"]
[SourceVersion "1"]
[SourceVersionDate "2019.10.17"]
[SourceQuality "1"]

1. d4 d5 2. c4 e6 3. Nc3 Nf6 4. Nf3 Be7 5. Bg5 0-0 6. e3 b6 7. a3 Nbd7 8. Bd3 dxc4 9. Bxc4 h6 10. Bh4 c5 11. 0-0 Bb7 12. Re1 Rc8 13. Ba2 Ne4 14. Bxe7 Qxe7 15. Rc1 Rfd8 16. dxc5 Ne5 17. Qc2 Nd3 18. Ra1 Nxe1 19. Rxe1 Nxc3 20. Qxc3 Bxf3 21. gxf3 Rxc5 22. Qb4 Rg5+ 23. Kf1 Qxb4 24. axb4 Rb5 0-1

[Event "Bad Soden U18 op 5th"]
[Site "Bad Soden"]
[Date "2018.09.30"]
[Round "1.1"]
[White "Sever, Mustafa Batuhan"]
[Black "Reichel, Bjoern"]
[Result "1-0"]
[WhiteElo "2046"]
[BlackElo "1484"]
[PlyCount "49"]
[EventDate "2018.09.30"]
[EventType "swiss"]
[EventRounds "9"]
[EventCountry "GER"]
[SourceTitle "EXT 2020"]
[Source "ChessBase"]
[SourceDate "2019.10.17"]
[SourceVersion "1"]
[SourceVersionDate "2019.10.17"]
[SourceQuality "1"]

1. e4 c5 2. Nf3 d6 3. d4 cxd4 4. Nxd4 Nf6 5. Nc3 g6 6. h3 Bg7 7. g3 Nc6 8. Nde2 Bd7 9. Bg2 a6 10. a4 0-0 11. 0-0 Qc8 12. Kh2 h6 13. Nd5 Nxd5 14. exd5 Nd8 15. a5 Qc7 16. Ra2 b6 17. axb6 Qxb6 18. Be3 Qc7 19. Bd4 Nb7 20. Re1 Bb5 21. Bxg7 Kxg7 22. Nd4 Rfe8 23. b3 Qc5 24. Nxb5 axb5 25. Qa1+ 1-0